| 000 | 00698pam a2200229 a 4500 | ||
|---|---|---|---|
| 001 | BD-DhSAU 6339 | ||
| 003 | BD-DhSAU | ||
| 005 | 20150507183948.0 | ||
| 008 | 910402s1991 enka b 001 0 eng | ||
| 020 | _a1852931566 | ||
| 040 | _aBD-DhSAU | ||
| 082 | 0 | 0 |
_a658.4063 _222 _bINN |
| 245 | 0 | 0 |
_aInnovation and environmental risk / _cedited by Lewis Roberts and Albert Weale. |
| 260 |
_aNew York : _bBelhaven Press , _cc1991. |
||
| 300 |
_axiii, 186 p. : _bill. ; _c24 cm. |
||
| 504 | _aIncludes bibliographical references and index. | ||
| 590 | _aIMRAN | ||
| 650 | 0 |
_aTechnology _xRisk assessment. |
|
| 650 | 0 | _aHealth risk assessment. | |
| 700 | 1 | _aRoberts, L. E. J. | |
| 700 | 1 | _aWeale, Albert. | |
| 942 |
_2ddc _cBOOK |
||
| 999 |
_c6339 _d6339 |
||